Jaké PC?
Základnou jednotkou počítača je procesor. Pracuje v tempe privádzaného tzv. hodinového signálu (CLOCK). Mikroprocesory. Popis ich činnosti. Dynamické pamäti (DRAM) a statické pamäti (SRAM). INTEL a PENTIUM. Pri výbere osobného počítača je rozhodujúci účel. Určujúca je aj prenosnosť počítača.
Salvato in:
| Autore principale: | |
|---|---|
| Natura: | Capitolo di libro |
| Lingua: | ceco |
| Soggetti: | |
| Tags: |
Nessun Tag, puoi essere il primo ad aggiungerne!!
|
MARC
| LEADER | 00000naa a2200000 4500 | ||
|---|---|---|---|
| 001 | r013813 | ||
| 005 | 20221205080446.8 | ||
| 041 | 0 | |a cze | |
| 044 | |a CZ | ||
| 245 | 1 | 0 | |a Jaké PC? |c L. Krauskopf |
| 520 | |a Základnou jednotkou počítača je procesor. Pracuje v tempe privádzaného tzv. hodinového signálu (CLOCK). Mikroprocesory. Popis ich činnosti. Dynamické pamäti (DRAM) a statické pamäti (SRAM). INTEL a PENTIUM. Pri výbere osobného počítača je rozhodujúci účel. Určujúca je aj prenosnosť počítača. | ||
| 610 | 2 | 0 | |a počítače osobné |
| 610 | 2 | 0 | |a využitie počítačov |
| 610 | 2 | 0 | |a hardvér |
| 610 | 2 | 0 | |a softvér |
| 610 | 2 | 0 | |a pamäť počítača |
| 610 | 2 | 0 | |a mikroprocesory |
| 610 | 2 | 0 | |a INTEL |
| 610 | 2 | 0 | |a PENTIUM |
| 610 | 2 | 0 | |a procesory |
| 100 | 1 | |a Krauskopf, L. | |